=LDR 00000nam 2200000 4500 =001 INLIS000000000040423 =005 20130612150005 =008 ***********************************ind** =035 ##$$0010-061300000040423 =041 ##$$a ind =082 ##$$a 614 =090 ##$$a 614, yOG B =100 ##$$a YOGASMARA, Erryga =245 ##$$a Buku pintar keluarga sehat, Panduan praktis hidup sehat bagi seluruh anggota keluarga, Erryga yogasmara,Puji lestari =260 ##$$a 2010 $b Jakarta =300 ##$$a Viii,237 Hlm, ilus, 17 cm =650 ##$$a KESEHATAN KELUARGA =700 ##$$a LESTARI, Puji =850 ##$$a NBPNMAT =990 ##$$a 0001/BPAP-NTB/2015